| 000 | 01018cam a2200205 4500 | ||
|---|---|---|---|
| 001 | WB3925-12 | ||
| 008 | 030701n2003 000 0 eng u | ||
| 035 | _a(Sirsi) u122831 | ||
| 245 | _aCouncils urged to value good design | ||
| 260 | _c2003 | ||
| 490 |
_aPlanning (for the Natural and Built Environment) _v(1525) 27 June 2003, 2(1) |
||
| 520 | _aThe Planning Officer's Society has produced a new guide outlining how the planning system can create sustainable communities by delivering high quality urban design and conservation. "Moving towards excellence in urban design and conservation" is sponsored by English Heritage and CABE and contains an 'excellence matrix' which planning authorities can use to benchmark services and promote heritage. The guide is available at www.english-heritage.org.uk/Default.asp?WCI=WebItem&WCE=3553. | ||
| 590 | _aWB | ||
| 650 | _aURBAN DESIGN | ||
| 650 | _aBUILDING CONSERVATION | ||
| 650 | _aPLANNING SYSTEM | ||
| 650 | _aHERITAGE | ||
| 690 | _aPLANNING | ||
| 942 | _n0 | ||
| 999 |
_c72961 _d72961 |
||